书目信息 |
| 书名: | THE ONE HIDDEN CAUSE OF MOST MODER ILLNESS...AND HOW TO DEFEATIT! | |
| 作者: | by ROBERT C.ATKINS. | |
| 分册号: | ||
| 分册名: | 出版地: |
|
| 出版社: | AGORA HEALTH PUBLISHING | |
| 出版时间: | 1996. | |
| 页数: | 123 p. ; | |
| 开本: | 18cm. | |
| 丛书名: | ||
| 中图分类号: | ||
| 科图分类号: | ||
| 其他分类号: | R12 | |
| 主题词: | ||
| 电子资源: | ||
| 000 | 00469nam 2200157 a 4500 | |
| 001 | E0737592034 | |
| 005 | 20070518103003.64 | |
| 008 | 070518s1996 00010 eng | |
| 040 | @aPFT@beng | |
| 090 | @aR12 | |
| 099 | @dR12@ex68 | |
| 245 | 1 | @aTHE ONE HIDDEN CAUSE OF MOST MODER ILLNESS...AND HOW TO DEFEATIT! / @cby ROBERT C.ATKINS. |
| 260 | @bAGORA HEALTH PUBLISHING,@c1996. | |
| 300 | @a123 p. ;@c18cm. | |
| 500 | @aDr.Atkins' Health Manifesto | |
| 700 | @aby ATKINS,ROBERT C. | |
| THE ONE HIDDEN CAUSE OF MOST MODER ILLNESS...AND HOW TO DEFEATIT! / / by ROBERT C.ATKINS.-AGORA HEALTH PUBLISHING, , 1996. |
| 123 p. ; ; 18cm. |
| Dr.Atkins' Health Manifesto |
| ISBN |
| ● |
| 相关链接 |
|
|
|
|
正题名:THE ONE HIDDEN CAUSE OF MOST MODER ILLNESS…AND HOW TO DEFEATIT
索取号:R12/x68
 
预约/预借
| 序号 | 登录号 | 条形码 | 馆藏地/架位号 | 状态 | 备注 |
| 1 | 9581 | 300095812 | 第二样本阅览室/ [索取号:R12/x68] | 在馆 |